00448 2200181 4500001002100000005001500021008004100036020001900077035001900096041000700115082000800122090001400130100001600144245001800160260004100178300003700219650001000256INLIS00000000001096720241224114109241224||||||||| | ||| |||| || |  a978602755212-8 0010-1224010967 aid0 a813 a813 JAN m0 aJanu Ismadi00aMisteri Loshu atangerangbDELTA EDUKASI PRIMAc2012 a19x14,5 cm, vi, 122 hlm.; ilus.: 0aNovel